LEADER 01123cam0-22003731i-450- 001 990006904650403321 005 20121106165821.0 010 $a88-87501-06-8 035 $a000690465 035 $aFED01000690465 035 $a(Aleph)000690465FED01 035 $a000690465 100 $a20010426d1999----km-y0itay50------ba 101 0 $aita 102 $aIT 105 $a--------011yy 200 1 $aNel furore della reazione del 1799$fGiuseppe De Lorenzo$gprefazione e note di Benedetto Croce 205 $a2a? ed. 210 $aNapoli$cColonnese$d1999 215 $a85 p.$d24 cm 225 1 $a<>nuovi trucioli$v42 610 0 $aRepubblica napoletana - 1799 - De Lorenzo Giuseppe 676 $a945.7082$v21$zita 700 1$aDe Lorenzo,$bGiuseppe$f<1778-1822>$02256 702 1$aCroce,$bBenedetto$f<1866-1952> 801 0$aIT$bUNINA$gRICA$2UNIMARC 901 $aBK 912 $a990006904650403321 952 $aCOLLEZ. 1929 (42)$b35304$fFSPBC 952 $a945.708 DEL 1$bBibl. 30830$fFLFBC 959 $aFSPBC 959 $aFLFBC 996 $aFurore della reazione del 1799$9515936 997 $aUNINA LEADER 01047nam a2200265 i 4500 001 991004095619707536 008 090107s2003 it 0 ita d 020 $a8882945111 035 $ab13800024-39ule_inst 040 $aSet. Economia - SAGA$bita 082 0 $a344.45060002648 245 13$aIl nuovo codice degli appalti :$bcon le determinazioni dell'autorità? di vigilanza sui lavori pubblici /$ca cura di Nicola Centofanti, Giovanna Mondini 260 $aPiacenza :$bLa tribuna,$cc2003 300 $a1657 p. ;$c20 cm 440 0$aEdilizia & immobili 650 4$aLavori pubblici$xAppalti$xLegislazione 650 4$aAppalti$xLegislazione 700 1 $aCentofanti, Nicola 700 1 $aMondini, Giovanna 907 $a.b13800024$b02-04-14$c07-01-09 912 $a991004095619707536 945 $aLE025 ECO 344 CEN01.01$g1$i2025000222601$lle025$n2009$o-$pE34.00$q-$rn$so $t0$u0$v0$w0$x0$y.i14910792$z07-01-09 996 $aNuovo codice degli appalti$91224043 997 $aUNISALENTO 998 $ale025$b07-01-09$cm$da $e-$fita$git $h3$i0